| 000 | 00427nam a2200181Ia 4500 | ||
|---|---|---|---|
| 008 | 210210b1912 xxu||||| |||| 00| 0 eng d | ||
| 041 | _aeng | ||
| 082 | _a825/654 | ||
| 100 | _aPHELPS (W L) | ||
| 245 | _aEssays on modern novelists | ||
| 260 |
_aNew York _bThe Macmillan Company _c1912 |
||
| 650 | _aon | ||
| 650 | _anovelists | ||
| 650 | _amodern | ||
| 650 | _aEssays | ||
| 690 | _aEnglish Criticism | ||
| 906 | _a014970 | ||
| 999 |
_c134200 _d134200 |
||